[Event "Sombor Milicevic Memorial"]
[Site "Sombor"]
[Date "2019.10.11"]
[Round "2"]
[White "Kurcubic, Drago"]
[Black "Pastrovic, Nenad"]
[Result "1-0"]
[WhiteElo "2065"]
[BlackElo "1554"]
[PlyCount "43"]
[EventDate "2019.10.09"]
[EventType "swiss"]
[EventRounds "9"]
[EventCountry "SRB"]
[SourceTitle "CBM 192 Extra"]
[Source "Chessbase"]
[SourceDate "2019.11.06"]
[SourceVersion "1"]
[SourceVersionDate "2019.11.06"]
[SourceQuality "1"]

1. e4 d6 2. d4 Nf6 3. Nc3 Nbd7 4. Nf3 e5 5. g4 Nxg4 6. Rg1 exd4 7. Nxd4 Nge5 8. Bg5 Nf6 9. f4 Bg4 10. Bb5+ c6 11. Be2 Bxe2 12. Qxe2 Qb6 13. 0-0-0 Ng6 14. e5 dxe5 15. Nf3 Qc7 16. f5 Ne7 17. Nxe5 a5 18. Rge1 Rd8 19. Rxd8+ Qxd8 20. Rd1 Qc8 21. Nc4 Qd7 22. Nd6+ 1-0